03893 a2200373 45000010003000000050017000030080041000200030015000610400040000760800073001162450041001890200022002302500011002522640034002633000026002975050610003239420007009335900036009401000026009767000033010028560139010359990011011749520145011859520217013309520154015479520206017019520239019079520236021469520223023829520194026059520191027999520237029909520292032271820260407155402.0260407a2000 arg spa dAR-UNSa-BCEJYS aAR-UNSa-BCEJYSbspacAR-UNSa-BCEJYS a658.3xPersonal. Relaciones humanas en la empresa (Recursos Humanos)10aAdministración de recursos humanos a978-958-41-0037-5 a5a. ed 1aBogotá :bMcGraw-Hillc2000 axviii, 699 p.c23 cm. a1. Las organizaciones - 2. Las personas - 3. Las personas y las organizaciones - 4. Administración de recursos humanos - 5. Reclutamiento de personas - 6. Selección de personal - 7. Diseño de cargos - 8. Descripción y análisis de cargos - 9. Evaluación de desempeño humano - 10. Compensación (administración de salarios) - 11. Planes de beneficios sociales - 12. Higiene y seguridad en el trabajo - 13. Relaciones laborales - 14. Entrenamiento y desarrollo de personal - 15. Desarollo organizacional - 16. Base de datos y sistemas de información - 17.Auditoría de recursos humanos  cBK aniveau_biblio:m niveau_hierar:01 aChiavenato, Idalberto1 aVillamizar, Germán Alberto41uhttps://biblioeco.unsa.edu.ar/pmb/images/libros/Administracion de Recursos Humanos 5ed (Chiavenato).jpgyImagen de portadaqimage/jpeg c14d14 00104070aBCEJYSbBCEJYSc16d2026-04-07l0o658.3 C532 5ed.pL86698r2026-04-07 15:54:02w2026-04-07yLzMANCHADO - SUBRAYADO CON LÁPIZ 00104070aBCEJYSbBCEJYSc16d2026-04-07l0o658.3 C532 5ed.pL86699r2026-04-07 15:54:02w2026-04-07yLzHÚMEDO - SUBRAYADO Y ESCRITO CON LÁPIZ - RESALTADOR NARANJA EN INDICE - PRIMERAS PÁGINAS MANCHADAS 00104070aBCEJYSbBCEJYSc16d2026-04-07l0o658.3 C532 5ed.pL86700r2026-04-07 15:54:02w2026-04-07yLzHÚMEDO - ESCRITO CON LÁPIZ - MANCHADO 00104070aBCEJYSbBCEJYSc16d2026-04-07l0o658.3 C532 5ed.pL86807r2026-04-07 15:54:02w2026-04-07yLzUN POCO HÚMEDO - LÁPIZ - HOJAS MANCHADAS - HOJAS DOBLADAS (DESDE PRIMERA HASTA PÁG 192) 00104070aBCEJYSbBCEJYSc16d2026-04-07l0o658.3 C532 5ed.pL86808r2026-04-07 15:54:02w2026-04-07yLzLÁPIZ LEVE - HÚMEDO EN LATERAL Y ESQUINA INFERIOR DERECHA - MANCHADO - TAPA UN POCO DESPEGADA - ÚLTIMA HOJA UN POCO ROTA 00104070aBCEJYSbBCEJYSc16d2026-04-07l0o658.3 C532 5ed.pL86809r2026-04-07 15:54:02w2026-04-07yLzSUBRAYADO CON LÁPIZ - UN PCOO HÚMEDO - CANTO MANCHADO - INDICE ESCRITO CON LAPICERA - PÁG 67 A 86 DOBLADAS - MANCHADO 00104070aBCEJYSbBCEJYSc16d2026-04-07l0o658.3 C532 5ed.pL86810r2026-04-07 15:54:02w2026-04-07yLzPRIMERA PÁGINA PEGADA CON CINTA - SUBRAYADO CON LÁPIZ - HÚMEDO PÁG 337 A 348 - HOJA SUELTA (639 A 646) 00104070aBCEJYSbBCEJYSc16d2026-04-07l0o658.3 C532 5ed.pL87925r2026-04-07 15:54:02w2026-04-07yLzSUBRAYADO CON LÁPIZ NEGRO - MANCHADO - PARTIDO EN PÁGINA 686 - CANTO MANCHADO 00104070aBCEJYSbBCEJYSc16d2026-04-07l0o658.3 C532 5ed.pL87926r2026-04-07 15:54:02w2026-04-07yLzSUBRAYADO CON LÁPIZ - PARTIDO EN PÁG 319 - CANTO SUPERIOR UN POCO HÚMEDO 00104070aBCEJYSbBCEJYSc16d2026-04-07l0o658.3 C532 5ed.pL87927r2026-04-07 15:54:02w2026-04-07yLzPARTIDO EN PÁG 382,398 Y 686 - PÁG 345 A 354 HÚMEDAS (PARTE SUPERIOR) - ESCRITO CON LÁPIZ - INDICE CON LAPICERA ROJA 00104070aBCEJYSbBCEJYSc16d2026-04-07l0o658.3 C532 5ed.pL87928r2026-04-07 15:54:02w2026-04-07yLzLAPICERA AZUL EN INDICE Y PÁG 95 - LÁPIZ LEVE - HASTA PÁG 132 MANCHADO EN CENTRO INFERIOR - PARTIDO EN PÁG 330 - MANCHADO - ESCRITO CON LAPICERA ROJA DESDE PÁG 296 A 302